000 00513ntaaa2200205 4500
003 01
005 20251027202925.0
008 0714s1973 ag 01
040 _aAR-BaBN
_bspa
_cAR-BaBN
_eaacr
_dRIC
082 _a922.0000 Zw9
100 _aZwemer, Samuel M
245 _aRaimundo Lulio
250 _a1 ed.
260 _aMadrid :
_bSociedad de Publicaciones Religiosas,
_cs.f.
300 _a141 p
650 _aLulio, Raimundo
_97863
650 _abiografĂ­a-Lulio
_929757
650 _amisiones
942 _cBK
999 _c24468
_d24468